00337nam a2200121 450000500170000010000230001724500590004026400280009930000180012733600220014533700240016733800240019120260530115313.01 aNicole du Daussois10aactividades en talleres para guarderías y preescolar 1bEdiutorial Cincelc1991 a174 páginas atexto2rdacontent asin medio2rdamedia avolumen2rdacarrier